| 000 | 01126nam a2200217Ii 4500 | ||
|---|---|---|---|
| 003 | JO-AjNU | ||
| 008 | 230605s9999||||xx |||||||||||||| ||und|| | ||
| 017 | _a2016/3/1130 | ||
| 020 | _a978-9957-587-05-5 | ||
| 040 |
_aJO-AjNU _bara _erda _cJO-AjNU |
||
| 041 | _aara | ||
| 050 | 1 | 4 | _aHG 179 .5 .E83 2016 |
| 100 | 3 |
_aبحوث المؤتمر العلمي الدولي التاسع الإتجاهات الحديثة في الفكر الإداري والمالي, _eauthor _953199 |
|
| 245 | 0 | 0 | _aبحوث المؤتمر العلمي الدولي التاسع الإتجاهات الحديثة في الفكر الإداري والمالي : إدارة المشاريع ( التحديات والآفاق ) 6-7 نيسان(ابريل) 2016 |
| 264 | 3 | 1 | _aعمان: دار البركة للنشر والتوزيع، 2016 |
| 300 |
_a708ص عربي ، 76 ص انجليزي _bيحتوي على ببلوغرافية من ص706-708ص |
||
| 336 |
_atext _btxt _2rdacontent |
||
| 337 |
_aunmediated _bn _2rdamedia |
||
| 338 |
_avolume _bnc _2rdacarrier |
||
| 650 | 4 |
_aالفكر الاداري - الادارة التنفيذية _953200 |
|
| 999 |
_aA23612 _c27180 _d27180 |
||